Geography Quiz

Random Geography or City Quiz

Find North America's Capitals Without 'G' Quiz Stats

 Plays Quiz not verified by Sporcle

Score 0/14 Timer 01:30
0 Plays Today
% Correct
Ottawa
100%
Mexico City
96.4%
Havana
94.6%
Port-au-Prince
94.6%
Panama City
94.6%
Belmopan
94.6%
San José
92.9%
% Correct
San Salvador
92.9%
Nassau
91.1%
Port of Spain
87.5%
Castries
80.4%
Saint John's
78.6%
Basseterre
76.8%
Roseau
76.8%

You're not logged in!

Compare scores with friends on all Sporcle quizzes.
OR
Log In

You Might Also Like...

Show Comments

Extras

Top Quizzes Today


Score Distribution

Your Account Isn't Verified!

In order to create a playlist on Sporcle, you need to verify the email address you used during registration. Go to your Sporcle Settings to finish the process.

Report this User

Report this user for behavior that violates our Community Guidelines.

Details: